| 000 | 00575nam a2200193Ia 4500 | ||
|---|---|---|---|
| 003 | OSt | ||
| 005 | 20200925105506.0 | ||
| 008 | 190216s9999||||xx |||||||||||||| ||und|| | ||
| 020 | _a9788126510436 | ||
| 040 | _coclc | ||
| 082 |
_a576.5 _bGAR/P |
||
| 100 |
_aGardner, Eldon John _94920 |
||
| 245 | 0 |
_aPrinciples Of Genetics / _cEldon John Gardner ; Michael J Simmons ; D Peter Snustad |
|
| 250 | _a8th Ed. | ||
| 260 |
_bWiley and Sons, _c2013. _aNew Delhi: |
||
| 300 | _a719p | ||
| 650 | _aZoology | ||
| 942 |
_cBK _2ddc _h576.5 _iGAR/P _k576.5 _mGAR/P |
||
| 999 |
_c37494 _d37494 |
||